000 00307nam a22001217a 4500
008 171220b xxu||||| |||| 00| 0 eng d
041 _aeng
080 _a611.085
100 _a7
101 _aHIS
245 _aHISTOLOGICAL AND CYTOLOGICAL AND TYPING OF NEOPLASTIC DISEASE
_cMATHE.G
942 _2udc
_cBK
999 _c39248
_d39248